Olivia Sharp: (Record no. 33118)

MARC details
000 -LEADER
fixed length control field 02806nam a22003855a 4500
005 - DATE AND TIME OF LATEST TRANSACTION
control field 20091217141512.0
008 - FIXED-LENGTH DATA ELEMENTS--GENERAL INFORMATION
fixed length control field 091120t20092006paua j 001 0 eng
010 ## - LCCN (DPL NO)
LC control number B-385441-452
020 ## - INTERNATIONAL STANDARD BOOK NUMBER
International Standard Book Number 9780440420620
Terms of availability 163.00
035 ## - SYSTEM CONTROL NUMBER
System control number B-385441-452
037 ## - SOURCE OF ACQUISITION
Source of stock number/acquisition Blueberry Books
040 ## - CATALOGING SOURCE
Original cataloging agency dpl
Language of cataloging English
082 ## - DEWEY DECIMAL CLASSIFICATION NUMBER
Classification number S
100 ## - MAIN ENTRY--PERSONAL NAME
Personal name Sharmat, Marjorie Weinman
245 ## - TITLE STATEMENT
Title Olivia Sharp:
Statement of responsibility, etc by Marjorie Weinman Sharmat [and] Mitchell Sharmat ; illustrated by Denise Brunkus
Remainder of title the sly spy /
260 ## - PUBLICATION, DISTRIBUTION, ETC. (IMPRINT)
Place of publication, distribution, etc New York
Name of publisher, distributor, etc Yearling Books
Date of publication, distribution, etc 2005
270 ## - ADDRESS
City New York
300 ## - PHYSICAL DESCRIPTION
Extent 74 p. :
Other physical details col. ill.
Dimensions 20cm(pbk)
700 ## - ADDED ENTRY--PERSONAL NAME
Personal name Sharmat, Mitchell
700 ## - ADDED ENTRY--PERSONAL NAME
Personal name Brunkus, Denise
942 ## - ADDED ENTRY ELEMENTS (KOHA)
Source of classification or shelving scheme Dewey Decimal Classification
Item type Children Books
Classification part S
Call number suffix SHA
Holdings
Withdrawn status Lost status Source of classification or shelving scheme Damaged status Not for loan Collection code Home library Current library Date acquired Source of acquisition Cost, normal purchase price Total Checkouts Full call number Barcode Date last seen Copy number Cost, replacement price Koha item type
    Dewey Decimal Classification     Fiction Central Library Central Library 09/06/2010 Blueberry Books/5571/27.3.10/157/27.1.10/27.3.10 163.00 2 S SHA B-385445 14/02/2025 1 163.00 Children Books
    Dewey Decimal Classification     Fiction Janak Puri Janak Puri 09/06/2010 Blueberry Books/5571/27.3.10/157/27.1.10/27.3.10 163.00 9 S SHA B-385447 05/11/2019 1 163.00 Children Books
    Dewey Decimal Classification     Fiction Karol Bagh Karol Bagh 09/06/2010 Blueberry Books/5571/27.3.10/157/27.1.10/27.3.10 163.00   S SHA B-385450 09/06/2010 1 163.00 Children Books
    Dewey Decimal Classification     Fiction Mobile Library Mobile Library 09/06/2010 Blueberry Books/5571/27.3.10/157/27.1.10/27.3.10 163.00   S SHA B-385441 09/06/2010 4 163.00 Children Books
    Dewey Decimal Classification     Fiction Mobile Library Mobile Library 09/06/2010 Blueberry Books/5571/27.3.10/157/27.1.10/27.3.10 163.00   S SHA B-385442 09/06/2010 4 163.00 Children Books
    Dewey Decimal Classification     Fiction Mobile Library Mobile Library 09/06/2010 Blueberry Books/5571/27.3.10/157/27.1.10/27.3.10 163.00   S SHA B-385443 09/06/2010 4 163.00 Children Books
    Dewey Decimal Classification     Fiction Mobile Library Mobile Library 09/06/2010 Blueberry Books/5571/27.3.10/157/27.1.10/27.3.10 163.00   S SHA B-385444 09/06/2010 4 163.00 Children Books
    Dewey Decimal Classification     Fiction Narela Narela 09/06/2010 Blueberry Books/5571/27.3.10/157/27.1.10/27.3.10 163.00   S SHA B-385451 09/06/2010 1 163.00 Children Books
    Dewey Decimal Classification     Fiction Patel Nagar Patel Nagar 09/06/2010 Blueberry Books/5571/27.3.10/157/27.1.10/27.3.10 163.00   S SHA B-385446 09/06/2010 1 163.00 Children Books
    Dewey Decimal Classification     Fiction Sarojini Nagar Sarojini Nagar 09/06/2010 Blueberry Books/5571/27.3.10/157/27.1.10/27.3.10 163.00 2 S SHA B-385448 29/11/2025 1 163.00 Children Books
    Dewey Decimal Classification     Fiction Shahdara Branch Shahdara Branch 09/06/2010 Blueberry Books/5571/27.3.10/157/27.1.10/27.3.10 163.00   S SHA B-385452 09/06/2010 1 163.00 Children Books
    Dewey Decimal Classification     Fiction Vinoba Puri Vinoba Puri 09/06/2010 Blueberry Books/5571/27.3.10/157/27.1.10/27.3.10 163.00 2 S SHA B-385449 19/08/2013 1 163.00 Children Books

© Delhi Public Library
Hit Counter
free hit counter